Albums-Songs (Blackpink's Members) - Statistics

General Stats
  • This quiz has been taken 36 times
  • The average score is 26 of 55
Answer Stats
Hint Answer % Correct
Member JENNIE
100%
Member Jisoo
100%
Member Lisa
95%
Member Rose
95%
6 APT.
70%
1 Flower
70%
Album Title Ruby
70%
4 toxic till the end
70%
1 earthquake
65%
2 Like JENNIE
65%
1 number one girl
65%
Album Title rosie
65%
2 3am
60%
2 All Eyes On Me
60%
Album Title Alter Ego
60%
1 Born Again
60%
8 Love Hangover
60%
2 Rockstar
60%
11 Lifestyle
55%
5 New Woman
55%
13 Seoul City
55%
9 ZEN
55%
6 FXCK UP THE WORLD
50%
7 Mantra
50%
Album Title ME
50%
4 Thunder
50%
Album Title AMORTAGE
45%
12 Chill
45%
13 Dream
45%
4 Handlebars
45%
7 gameboy
40%
4 Hugs & Kisses
40%
15 twin
40%
9 When I'm With You
40%
2 Your Love
40%
10 BADGRRRL
35%
12 dance all night
35%
7 Rapunzel
35%
3 start a war
35%
8 stay a little longer
35%
3 TEARS
35%
5 drinks or coffee
30%
3 Elastigirl
30%
14 Starlight
30%
10 Damn Right
25%
9 not the same
25%
3 two years
25%
10 call it the end
20%
12 Filter
20%
11 F.T.S.
20%
8 Moonlit Floor (Kiss Me)
20%
11 too bad for us
20%
5 with the IE (way up)
20%
1 Intro : JANE with FKJ
15%
6 ExraL
0%
No matching quizzes found
Score Distribution
Percent of People with Each Score
Percentile by Number Answered
Your Score History
You have not taken this quiz